Normal view
MARC view
Entry Corporate Name
001 - CONTROL NUMBER
- control field: 243173
003 - CONTROL NUMBER IDENTIFIER
- control field: MY-SjTCS
005 - DATE AND TIME OF LATEST TRANSACTION
- control field: 20200306163957.0
008 - FIXED-LENGTH DATA ELEMENTS
- fixed length control field: 200306|| aca||aabn | a|a d
040 ## - CATALOGING SOURCE
- Original cataloging agency: MY-SjTCS
- Transcribing agency: MY-SjTCS
110 ## - HEADING--CORPORATE NAME
- Corporate name or jurisdiction name as entry element: United States.
- Subordinate unit: Air Force.
670 ## - SOURCE DATA FOUND
- Source citation: Work cat.: (MY-SjTCS)46864: Moore, S. Craig, 1946- 243166, Advancing the U.S. Air Force's force-development initiative, 2007.